000 00449nam a22001937a 4500
003 OSt
005 20221226144147.0
008 221226b |||||||| |||| 00| 0 eng d
020 _a9780471457275
040 _cHU
050 _a532
_b2
082 _25ed
_a532/INT/2002
100 _aIntroduction To Heat Transfer
_937339
245 _aIntroduction To Heat Transfer
250 _a5ed
260 _bSons
300 _f901
942 _2ddc
_cBOOKS
_n0
999 _c35776
_d35776